[Event "Titled Tuesday intern op 24th May Early"]
[Site "Chess.com INT"]
[Date "2022.05.24"]
[Round "5"]
[White "Izzat, Kanan Azar"]
[Black "Matlakov, Maxim"]
[Result "0-1"]
[WhiteElo "2465"]
[BlackElo "2674"]
[PlyCount "22"]
[EventDate "2022.05.24"]
[EventType "swiss (blitz)"]
[EventRounds "11"]
[EventCountry "USA"]
[SourceTitle "EXT 2023"]
[Source "ChessBase"]
[SourceDate "2022.10.05"]
[SourceVersion "1"]
[SourceVersionDate "2022.10.05"]
[SourceQuality "1"]

1. e4 c5 2. Nf3 e6 3. c3 d5 4. exd5 exd5 5. d4 Nc6 6. Bb5 Bd6 7. 0-0 Nge7 8. dxc5 Bxc5 9. Nbd2 0-0 10. Nb3 Bb6 11. h3 h6 0-1

[Event "Titled Tuesday intern op 24th May Early"]
[Site "Chess.com INT"]
[Date "2022.05.24"]
[Round "3"]
[White "Izzat, Kanan Azar"]
[Black "Zhigalko, Sergei"]
[Result "0-1"]
[WhiteElo "2465"]
[BlackElo "2572"]
[PlyCount "112"]
[EventDate "2022.05.24"]
[EventType "swiss (blitz)"]
[EventRounds "11"]
[EventCountry "USA"]
[SourceTitle "EXT 2023"]
[Source "ChessBase"]
[SourceDate "2022.10.05"]
[SourceVersion "1"]
[SourceVersionDate "2022.10.05"]
[SourceQuality "1"]

1. e4 c5 2. c3 Nf6 3. e5 Nd5 4. Nf3 Nc6 5. d4 cxd4 6. Bc4 Nb6 7. Bb3 g6 8. cxd4 Bg7 9. 0-0 0-0 10. Nc3 d5 11. h3 Bf5 12. Be3 Rc8 13. Rc1 Na5 14. Bc2 Bxc2 15. Rxc2 Nbc4 16. Bc1 Nc6 17. b3 Nb6 18. Ba3 Qd7 19. Re1 Nd8 20. Ne2 Ne6 21. Bb4 Bh6 22. a4 Rxc2 23. Qxc2 Rc8 24. Qb2 Rc6 25. Bd2 Bxd2 26. Qxd2 Qc7 27. Rc1 Nd7 28. Rxc6 Qxc6 29. Qc3 Nb8 30. Qb4 Kf8 31. Ne1 b6 32. Qd2 a5 33. Nf3 Kg7 34. Nf4 Na6 35. Nxe6+ Qxe6 36. g4 Qc6 37. Qf4 h6 38. h4 Nb4 39. Kg2 Nd3 40. Qe3 Qc2 41. h5 g5 42. Kg3 Nf4 43. e6 f6 44. Ne1 Qe2 45. Qxe2 Nxe2+ 46. Kg2 Nxd4 47. Nd3 Nxe6 48. Kf3 Nc5 49. Nc1 e5 50. Ke3 Kf7 51. f3 Ke6 52. Kd2 f5 53. Ke3 fxg4 54. fxg4 d4+ 55. Kf3 e4+ 56. Kg3 Kd5 0-1

[Event "Titled Tuesday intern op 17th May Early"]
[Site "Chess.com INT"]
[Date "2022.05.17"]
[Round "6"]
[White "Izzat, Kanan Azar"]
[Black "Shuvalov, Evgenij"]
[Result "1/2-1/2"]
[WhiteElo "2465"]
[BlackElo "2182"]
[PlyCount "137"]
[EventDate "2022.05.17"]
[EventType "swiss (blitz)"]
[EventRounds "11"]
[EventCountry "USA"]
[SourceTitle "CBM 208 Extra"]
[Source "ChessBase"]
[SourceDate "2022.07.31"]
[SourceVersion "1"]
[SourceVersionDate "2022.07.31"]
[SourceQuality "1"]

1. e4 e6 2. d4 d5 3. e5 c5 4. c3 Nc6 5. Nf3 Qb6 6. a3 Bd7 7. b4 cxd4 8. cxd4 Rc8 9. Be2 Nge7 10. b5 Na5 11. a4 Rxc1 12. Qxc1 Nb3 13. Qc3 Nxa1 14. Qxa1 Nf5 15. 0-0 Be7 16. a5 Qd8 17. Bd3 Nh4 18. Nxh4 Bxh4 19. Nd2 0-0 20. f4 g6 21. Nf3 Be7 22. Qc3 Qc8 23. Qb2 Qc7 24. b6 axb6 25. Rc1 Qb8 26. axb6 Rc8 27. Kf2 Rxc1 28. Qxc1 Qc8 29. Qb2 Qc6 30. h4 Bd8 31. h5 Qxb6 32. Qc2 Qc7 33. Qb1 Qb6 34. hxg6 hxg6 35. Bxg6 Qxb1 36. Bxb1 Ba5 37. g4 Bc3 38. f5 b5 39. f6 b4 40. Ke3 Bb5 41. g5 b3 42. g6 fxg6 43. Bxg6 b2 44. Ng5 Bd7 45. Bc2 Bc8 46. Kd3 Bb4 47. Bb1 Ba3 48. Kc3 Bd7 49. Kb3 Bf8 50. Kxb2 Bh6 51. Nf3 Be3 52. Kc3 Kf7 53. Bd3 Ba4 54. Kb4 Bd1 55. Nh4 Bxd4 56. Ng6 Bh5 57. Nf4 Bg4 58. Bg6+ Kf8 59. Nd3 Be2 60. Nf4 Bg4 61. Bh5 Bxe5 62. Ng6+ Kf7 63. Nxe5+ Kxf6 64. Nxg4+ Kg5 65. Ne5 Kxh5 66. Kc5 d4 67. Kxd4 Kg5 68. Nc6 e5+ 69. Nxe5 1/2-1/2

[Event "Titled Tuesday intern op 17th May Early"]
[Site "Chess.com INT"]
[Date "2022.05.17"]
[Round "9"]
[White "Nechaeva, Marina"]
[Black "Izzat, Kanan Azar"]
[Result "0-1"]
[WhiteElo "2365"]
[BlackElo "2465"]
[PlyCount "86"]
[EventDate "2022.05.17"]
[EventType "swiss (blitz)"]
[EventRounds "11"]
[EventCountry "USA"]
[SourceTitle "CBM 208 Extra"]
[Source "ChessBase"]
[SourceDate "2022.07.31"]
[SourceVersion "1"]
[SourceVersionDate "2022.07.31"]
[SourceQuality "1"]

1. d4 Nf6 2. Nf3 d5 3. Bf4 e6 4. e3 Bd6 5. Bg3 0-0 6. Nbd2 c5 7. c3 Qc7 8. Ne5 Nbd7 9. f4 Ne4 10. Nxe4 dxe4 11. Nc4 Be7 12. f5 Qc6 13. fxe6 Qxe6 14. d5 Qg6 15. Be2 b6 16. 0-0 Bb7 17. d6 Bg5 18. Qd2 f5 19. Rad1 Qe6 20. b3 Kh8 21. Bf4 Bf6 22. h3 Rad8 23. a4 g6 24. Kh1 Bg7 25. g4 fxg4 26. Bxg4 Qe8 27. Qh2 Nf6 28. Be5 Nxg4 29. hxg4 Rf3 30. Bxg7+ Kxg7 31. Ne5 Qe6 32. Nxf3 exf3 33. Qg3 Rd7 34. Kh2 Kg8 35. c4 h5 36. g5 Qe4 37. Rf2 Qxe3 38. Rdd2 Bc6 39. Kh3 Rf7 40. Kh2 Bd7 41. Rd1 Rf4 42. Kg1 Rg4 43. Qxg4 hxg4 0-1

[Event "Titled Tuesday intern op 10th May Late"]
[Site "Chess.com INT"]
[Date "2022.05.10"]
[Round "2"]
[White "Izzat, Kanan Azar"]
[Black "Donchenko, Alexander"]
[Result "0-1"]
[WhiteElo "2465"]
[BlackElo "2599"]
[PlyCount "90"]
[EventDate "2022.05.10"]
[EventType "swiss (blitz)"]
[EventRounds "11"]
[EventCountry "USA"]
[SourceTitle "CBM 208 Extra"]
[Source "ChessBase"]
[SourceDate "2022.07.31"]
[SourceVersion "1"]
[SourceVersionDate "2022.07.31"]
[SourceQuality "1"]

1. e4 c6 2. d4 d5 3. e5 Bf5 4. Nd2 e6 5. Nb3 Nd7 6. Nf3 Ne7 7. Be2 h6 8. 0-0 g5 9. a4 Qc7 10. Bd2 Bg7 11. a5 c5 12. Nxc5 Nxc5 13. dxc5 Qxc5 14. Qe1 0-0 15. Bb4 Qc7 16. Bd6 Qd7 17. Nd4 Bg6 18. Bb5 Qd8 19. Qb4 Nf5 20. Nxf5 Bxf5 21. c3 a6 22. Ba4 Qc8 23. Bxf8 Bxf8 24. Qd4 Qc7 25. b4 Rc8 26. Rac1 Bg7 27. Rfe1 Be4 28. f4 gxf4 29. Qf2 Bxe5 30. c4 Qe7 31. c5 Qf6 32. Kh1 Bc3 33. Rf1 Bxb4 34. c6 bxc6 35. Qb6 Bd3 36. Qxb4 Bxf1 37. Rxf1 e5 38. Qb7 Qe6 39. Bxc6 Qxc6 40. Qe7 Qe6 41. Qb7 d4 42. h3 Rc2 43. Qe4 Qc6 44. Qxc6 Rxc6 45. Rb1 Rc5 0-1

[Event "Titled Tuesday intern op 10th May Late"]
[Site "Chess.com INT"]
[Date "2022.05.10"]
[Round "10"]
[White "Izzat, Kanan Azar"]
[Black "Yuan, Qingyu"]
[Result "1/2-1/2"]
[WhiteElo "2465"]
[BlackElo "2373"]
[PlyCount "157"]
[EventDate "2022.05.10"]
[EventType "swiss (blitz)"]
[EventRounds "11"]
[EventCountry "USA"]
[SourceTitle "CBM 208 Extra"]
[Source "ChessBase"]
[SourceDate "2022.07.31"]
[SourceVersion "1"]
[SourceVersionDate "2022.07.31"]
[SourceQuality "1"]

1. e4 c6 2. d4 d5 3. e5 c5 4. Nf3 cxd4 5. Nxd4 Nc6 6. Nxc6 bxc6 7. Bd3 a5 8. 0-0 e6 9. Re1 Ba6 10. Nd2 Bxd3 11. cxd3 Ne7 12. Nf3 c5 13. Be3 Nf5 14. Bg5 Qd7 15. Rc1 h6 16. Bd2 a4 17. g4 Nd4 18. Nxd4 cxd4 19. Kg2 Be7 20. Qf3 0-0 21. h4 Bxh4 22. Rh1 Qe7 23. Qh3 g5 24. Qf3 f5 25. Rxh4 gxh4 26. Bxh6 fxg4 27. Qxg4+ Kh7 28. Bxf8 Rxf8 29. Qh5+ Kg8 30. Rg1 Rf7 31. Kh1+ Rg7 32. Rc1 Qf8 33. f4 Rg3 34. Qxh4 Rg6 35. Rg1 Rxg1+ 36. Kxg1 Qb4 37. Qf2 Qc5 38. Kg2 Kg7 39. a3 Qc1 40. Kg3 Kg6 41. Qxd4 Kf5 42. Qf2 Qd1 43. Qf3 Qg1+ 44. Kh3 Qg6 45. Qg3 Qh5+ 46. Qh4 Qxh4+ 47. Kxh4 Kxf4 48. d4 Kf5 49. Kh5 Ke4 50. Kg5 Kxd4 51. Kf6 Kc4 52. Kxe6 d4 53. Kf7 d3 54. e6 d2 55. e7 d1Q 56. e8Q Qf3+ 57. Kg8 Qg4+ 58. Kh8 Qh4+ 59. Kg7 Qg5+ 60. Kh8 Qh6+ 61. Kg8 Qg5+ 62. Kh8 Qh4+ 63. Kg7 Qd4+ 64. Kg6 Kb3 65. Qb5+ Ka2 66. Kf5 Qf2+ 67. Ke4 Qc2+ 68. Kd5 Qb3+ 69. Kc5 Kxb2 70. Qe2+ Kxa3 71. Qd2 Qb2 72. Qd3+ Ka2 73. Qc4+ Qb3 74. Qe2+ Qb2 75. Qc4+ Qb3 76. Qe2+ Ka3 77. Qd2 Qb2 78. Qd3+ Ka2 79. Qc4+ 1/2-1/2

[Event "Titled Tuesday intern op 10th May Late"]
[Site "Chess.com INT"]
[Date "2022.05.10"]
[Round "11"]
[White "Lin, Dachey"]
[Black "Izzat, Kanan Azar"]
[Result "0-1"]
[WhiteElo "2299"]
[BlackElo "2465"]
[PlyCount "100"]
[EventDate "2022.05.10"]
[EventType "swiss (blitz)"]
[EventRounds "11"]
[EventCountry "USA"]
[SourceTitle "CBM 208 Extra"]
[Source "ChessBase"]
[SourceDate "2022.07.31"]
[SourceVersion "1"]
[SourceVersionDate "2022.07.31"]
[SourceQuality "1"]

1. g4 e5 2. d4 exd4 3. Qxd4 Nc6 4. Qe4+ Be7 5. Bg2 Nf6 6. Qa4 0-0 7. Nc3 d6 8. g5 Nd7 9. Nf3 Nc5 10. Qf4 Ne6 11. Qd2 Re8 12. Nd5 Bf8 13. b3 Ne7 14. Ne3 Ng6 15. Bb2 Nxg5 16. Nxg5 Qxg5 17. Rg1 c6 18. 0-0-0 Qf4 19. Bf3 d5 20. Kb1 a5 21. a4 f6 22. Bh5 Bc5 23. Bxg6 hxg6 24. Rxg6 d4 25. Bxd4 Rd8 26. Qc3 Bxd4 27. Qc4+ Kf8 28. Rg3 Qe5 29. f4 Qe4 30. Nf1 Be6 31. Qd3 Qxd3 32. Rgxd3 Bb6 33. e4 Rxd3 34. Rxd3 Ke7 35. Rf3 Rd8 36. f5 Rd1+ 37. Kb2 Bf7 38. Ne3 Bd4+ 39. c3 Rd2+ 40. Kc1 Bxc3 41. Nf1 Ra2 42. Re3 Ra1+ 43. Kc2 Bd4 44. Rd3 Rxf1 45. Rxd4 Rf2+ 46. Kc3 Rxh2 47. b4 Rh3+ 48. Kd2 axb4 49. Rxb4 Rb3 50. Rd4 c5 0-1

[Event "Titled Tuesday intern op 10th May Late"]
[Site "Chess.com INT"]
[Date "2022.05.10"]
[Round "8"]
[White "Pap, Gyula"]
[Black "Izzat, Kanan Azar"]
[Result "1-0"]
[WhiteElo "2481"]
[BlackElo "2465"]
[PlyCount "93"]
[EventDate "2022.05.10"]
[EventType "swiss (blitz)"]
[EventRounds "11"]
[EventCountry "USA"]
[SourceTitle "CBM 208 Extra"]
[Source "ChessBase"]
[SourceDate "2022.07.31"]
[SourceVersion "1"]
[SourceVersionDate "2022.07.31"]
[SourceQuality "1"]

1. e4 e5 2. Nf3 Nf6 3. Nxe5 d6 4. Nf3 Nxe4 5. c4 Nc6 6. Nc3 Nf6 7. d4 d5 8. cxd5 Nxd5 9. Bc4 Nb6 10. Bb3 Be7 11. 0-0 0-0 12. d5 Na5 13. Bc2 Bg4 14. Qd3 g6 15. Bh6 Bf5 16. Qd4 Bf6 17. Qb4 Bxc2 18. Bxf8 Qxf8 19. Qxa5 Nc4 20. Qb5 Nd6 21. Qc5 Qd8 22. Rac1 Bd3 23. Rfe1 b6 24. Qe3 Ba6 25. Ne5 Bg5 26. f4 Bf6 27. Kh1 Bg7 28. b3 Qh4 29. Qg3 Qh5 30. Ne4 Re8 31. Qf3 Qxf3 32. gxf3 Nb5 33. a4 Nd4 34. Rxc7 g5 35. Nxg5 f6 36. Ne6 Nxe6 37. dxe6 fxe5 38. Rg1 Rxe6 39. Rgxg7+ Kf8 40. Rxh7 Kg8 41. Rhg7+ Kf8 42. Rxa7 Be2 43. Rgf7+ Ke8 44. fxe5 Rxe5 45. Kg2 Bd3 46. Rfb7 Rg5+ 47. Kf2 1-0

[Event "Gold Coast op"]
[Site "Gold Coast"]
[Date "2019.06.28"]
[Round "2"]
[White "Maguire, Tom"]
[Black "Izzat, Kanan Azar"]
[Result "1-0"]
[WhiteElo "2121"]
[BlackElo "2481"]
[PlyCount "77"]
[EventDate "2019.06.27"]
[EventType "swiss"]
[EventRounds "9"]
[EventCountry "AUS"]
[SourceTitle "CBM 191 Extra"]
[Source "ChessBase"]
[SourceDate "2019.09.30"]
[SourceVersion "1"]
[SourceVersionDate "2019.09.30"]
[SourceQuality "1"]

1. c4 Nf6 2. g3 g6 3. Bg2 Bg7 4. Nc3 0-0 5. d3 c5 6. e4 Nc6 7. Nge2 d6 8. h3 a6 9. 0-0 Rb8 10. f4 Ne8 11. Be3 Nd4 12. Qd2 b5 13. g4 e6 14. f5 exf5 15. gxf5 gxf5 16. exf5 Nxf5 17. Bg5 f6 18. Bf4 Nc7 19. Be4 Nh4 20. Qe3 f5 21. Bd5+ Nxd5 22. Nxd5 Ng6 23. Qg3 bxc4 24. dxc4 Rxb2 25. Rae1 Re8 26. Bg5 Qd7 27. Nef4 Bb7 28. Nf6+ Bxf6 29. Bxf6 Rxa2 30. Bc3 Kf7 31. Qg5 Re5 32. Bxe5 dxe5 33. Rd1 Rd2 34. Rxd2 Qxd2 35. Qxf5+ Kg7 36. Ne6+ Kh6 37. Qf2 Qc3 38. Nxc5 Bc6 39. Ne6 1-0

[Event "George Trundle IM"]
[Site "Auckland"]
[Date "2019.01.11"]
[Round "8"]
[White "Wohl, Aleksandar H"]
[Black "Izzat, Kanan Azar"]
[Result "1/2-1/2"]
[WhiteElo "2332"]
[BlackElo "2495"]
[PlyCount "20"]
[EventDate "2019.01.04"]
[EventType "tourn"]
[EventRounds "9"]
[EventCountry "NZL"]
[EventCategory "4"]
[SourceTitle "CBM 188 Extra"]
[Source "ChessBase"]
[SourceDate "2019.02.26"]
[SourceVersion "1"]
[SourceVersionDate "2019.02.26"]
[SourceQuality "1"]

1. e4 c6 2. d3 d5 3. Nd2 e5 4. Ngf3 Bd6 5. d4 exd4 6. exd5 cxd5 7. Bb5+ Nc6 8. 0-0 Nge7 9. Nxd4 0-0 10. Nxc6 bxc6 1/2-1/2

[Event "George Trundle IM"]
[Site "Auckland"]
[Date "2019.01.07"]
[Round "4"]
[White "Garbett, Paul Anthony"]
[Black "Izzat, Kanan Azar"]
[Result "0-1"]
[WhiteElo "2160"]
[BlackElo "2495"]
[PlyCount "80"]
[EventDate "2019.01.04"]
[EventType "tourn"]
[EventRounds "9"]
[EventCountry "NZL"]
[EventCategory "4"]
[SourceTitle "CBM 188 Extra"]
[Source "ChessBase"]
[SourceDate "2019.02.26"]
[SourceVersion "1"]
[SourceVersionDate "2019.02.26"]
[SourceQuality "1"]

1. e4 c5 2. Nf3 e6 3. d4 cxd4 4. Nxd4 Nc6 5. Nc3 Qc7 6. f4 a6 7. Nb3 d6 8. Qf3 Nf6 9. Bd3 b5 10. Be3 Bb7 11. 0-0 Be7 12. Rae1 Na5 13. Nxa5 Qxa5 14. a3 b4 15. axb4 Qxb4 16. Ra1 Bc6 17. Ra3 Qb7 18. Rb3 Qc8 19. Qe2 0-0 20. Bd4 Nd7 21. Kh1 a5 22. Nd5 Bd8 23. c4 g6 24. Ne3 e5 25. fxe5 dxe5 26. Bc3 Nc5 27. Ra3 Nxe4 28. Bxe4 Bxe4 29. Ng4 f5 30. Nh6+ Kg7 31. Bxe5+ Bf6 32. Bxf6+ Rxf6 33. Rh3 Qc6 34. Qd2 f4 35. Rh4 g5 36. Rh5 Kg6 37. Qe2 f3 38. Rxg5+ Kxg5 39. Qd2+ Kh5 40. Kg1 Rxh6 0-1

[Event "Melbourne Australasian GM"]
[Site "Melbourne"]
[Date "2018.12.23"]
[Round "9"]
[White "Izzat, Kanan Azar"]
[Black "Smirnov, Anton"]
[Result "1/2-1/2"]
[WhiteElo "2496"]
[BlackElo "2553"]
[PlyCount "49"]
[EventDate "2018.12.15"]
[EventType "tourn"]
[EventRounds "9"]
[EventCountry "AUS"]
[EventCategory "8"]
[SourceTitle "CBM 187 Extra"]
[Source "ChessBase"]
[SourceDate "2018.11.04"]
[SourceVersion "1"]
[SourceVersionDate "2018.11.04"]
[SourceQuality "1"]

1. h3 d5 2. Nf3 Nf6 3. d4 g6 4. c3 Bg7 5. Bf4 0-0 6. e3 b6 7. Nbd2 Bb7 8. Bd3 Nbd7 9. 0-0 c5 10. Qe2 Re8 11. Bh2 e6 12. Rfd1 Qe7 13. a4 Ne4 14. a5 Nxd2 15. Qxd2 Bc6 16. b4 c4 17. Bc2 f5 18. Ne5 Nxe5 19. Bxe5 b5 20. f4 h5 21. Rf1 Kf7 22. Bd1 a6 23. Ra2 h4 24. Qe1 Rh8 25. Bf3 1/2-1/2

[Event "Melbourne Australasian GM"]
[Site "Melbourne"]
[Date "2018.12.22"]
[Round "8"]
[White "Papin, Vasily"]
[Black "Izzat, Kanan Azar"]
[Result "1/2-1/2"]
[WhiteElo "2483"]
[BlackElo "2496"]
[PlyCount "25"]
[EventDate "2018.12.15"]
[EventType "tourn"]
[EventRounds "9"]
[EventCountry "AUS"]
[EventCategory "8"]
[SourceTitle "CBM 187 Extra"]
[Source "ChessBase"]
[SourceDate "2018.11.04"]
[SourceVersion "1"]
[SourceVersionDate "2018.11.04"]
[SourceQuality "1"]

1. c4 e6 2. Nf3 Nf6 3. Nc3 d5 4. e3 Be7 5. b3 0-0 6. Bb2 b6 7. cxd5 Nxd5 8. Nxd5 exd5 9. Be2 c5 10. d4 a5 11. 0-0 a4 12. Qd2 Be6 13. Rfc1 1/2-1/2

[Event "Melbourne Australasian GM"]
[Site "Melbourne"]
[Date "2018.12.17"]
[Round "3"]
[White "Cheng, Bobby Sky"]
[Black "Izzat, Kanan Azar"]
[Result "1/2-1/2"]
[WhiteElo "2510"]
[BlackElo "2496"]
[PlyCount "92"]
[EventDate "2018.12.15"]
[EventType "tourn"]
[EventRounds "9"]
[EventCountry "AUS"]
[EventCategory "8"]
[SourceTitle "CBM 187 Extra"]
[Source "ChessBase"]
[SourceDate "2018.11.04"]
[SourceVersion "1"]
[SourceVersionDate "2018.11.04"]
[SourceQuality "1"]

1. d4 Nf6 2. c4 c6 3. Nf3 d5 4. g3 g6 5. Bg2 Bg7 6. 0-0 0-0 7. cxd5 cxd5 8. Nc3 Ne4 9. Nd2 Nxc3 10. bxc3 Nc6 11. Qb3 e6 12. e4 Na5 13. Qb4 Re8 14. Re1 Bf8 15. Qb1 Bd7 16. Nb3 dxe4 17. Bxe4 Rc8 18. Bf4 b5 19. Qd3 a6 20. Nc5 Bxc5 21. dxc5 e5 22. Bg5 Qxg5 23. Qxd7 Qe7 24. c6 Rc7 25. Qxe7 Rexe7 26. a4 Nxc6 27. axb5 axb5 28. Reb1 Na7 29. Rb3 Red7 30. Bg2 Rc5 31. Bf1 Rb7 32. Ra5 Nc6 33. Ra8+ Kg7 34. Rc8 Kf6 35. Rxb5 Rbxb5 36. Bxb5 Rxb5 37. Rxc6+ Kf5 38. Rc7 Ke6 39. Rc6+ Kd7 40. Rf6 Ke7 41. Rc6 Rb2 42. h4 Rc2 43. Kg2 e4 44. Kf1 h5 45. Rc4 Kf6 46. Rxe4 Rxc3 1/2-1/2

[Event "Adelaide Lidums GM"]
[Site "Adelaide"]
[Date "2018.12.14"]
[Round "9.4"]
[White "Cheng, Bobby Sky"]
[Black "Izzat, Kanan Azar"]
[Result "1/2-1/2"]
[WhiteElo "2510"]
[BlackElo "2496"]
[PlyCount "40"]
[EventDate "2018.12.08"]
[EventType "tourn"]
[EventRounds "9"]
[EventCountry "AUS"]
[EventCategory "7"]
[SourceTitle "CBM 187 Extra"]
[Source "ChessBase"]
[SourceDate "2018.11.04"]
[SourceVersion "1"]
[SourceVersionDate "2018.11.04"]
[SourceQuality "1"]

1. e4 c6 2. d4 d5 3. e5 c5 4. dxc5 e6 5. a3 Nc6 6. Nf3 Bxc5 7. b4 Bb6 8. Bb2 Nge7 9. Bd3 Ng6 10. 0-0 0-0 11. Re1 Bc7 12. Nbd2 b6 13. g3 Bb7 14. Qe2 h6 15. Rad1 Nce7 16. h4 Re8 17. Nb3 a5 18. b5 Nf8 19. a4 Nd7 20. Qe3 Rc8 1/2-1/2

[Event "Adelaide Lidums GM"]
[Site "Adelaide"]
[Date "2018.12.12"]
[Round "6"]
[White "Izzat, Kanan Azar"]
[Black "Papin, Vasily"]
[Result "0-1"]
[WhiteElo "2496"]
[BlackElo "2483"]
[PlyCount "182"]
[EventDate "2018.12.08"]
[EventType "tourn"]
[EventRounds "9"]
[EventCountry "AUS"]
[EventCategory "7"]
[SourceTitle "CBM 187 Extra"]
[Source "ChessBase"]
[SourceDate "2018.11.04"]
[SourceVersion "1"]
[SourceVersionDate "2018.11.04"]
[SourceQuality "1"]

1. e4 c5 2. Nf3 Nc6 3. c3 Nf6 4. e5 Nd5 5. d4 cxd4 6. cxd4 d6 7. Bc4 Nb6 8. Bb5 Bd7 9. Nc3 dxe5 10. dxe5 g6 11. Qe2 Bg7 12. 0-0 0-0 13. h3 Qc7 14. Bf4 a6 15. Bd3 Be6 16. Rac1 Nd5 17. Bg3 Bh6 18. Nxd5 Bxd5 19. Rc5 Bxa2 20. e6 Qb6 21. Bc4 Bxc4 22. Qxc4 f6 23. Rd1 Qxb2 24. Rd7 Rfe8 25. h4 a5 26. Kh2 a4 27. Rb5 Qc1 28. Qa2 Qc3 29. Rdxb7 a3 30. h5 Ra5 31. hxg6 hxg6 32. Nh4 Kg7 33. Rxa5 Nxa5 34. Qb1 f5 35. Qb5 Nc6 36. Rc7 f4 37. Rxc6 fxg3+ 38. fxg3 Qf6 39. Ra6 Rh8 40. Rxa3 Bf4 41. gxf4 Rxh4+ 42. Rh3 Qxf4+ 43. Kh1 Qc1+ 44. Kh2 Qc7+ 45. Kh1 Qc1+ 46. Kh2 Qf4+ 47. Kh1 Rxh3+ 48. gxh3 Qe4+ 49. Kh2 Qxe6 50. Qe8 Qf7 51. Qc8 Qf2+ 52. Kh1 Qf5 53. Qc3+ e5 54. Kg2 Kh6 55. Qa3 Qe4+ 56. Kf2 Kh5 57. Qb3 Qf4+ 58. Kg2 Kh4 59. Qc3 Kh5 60. Qc8 Qd2+ 61. Kg3 Qg5+ 62. Kh2 Qd2+ 63. Kg3 Qf4+ 64. Kg2 Qf6 65. Qg4+ Kh6 66. Qc8 e4 67. Qe8 Qf3+ 68. Kh2 Qf5 69. Qd8 Qe5+ 70. Kh1 Qe6 71. Kg2 Qe5 72. Qh4+ Kg7 73. Qg4 Kf6 74. Qe2 Qf4 75. Qa6+ Kg5 76. Qe2 e3 77. Qe1 Kh5 78. Qd1+ Kh4 79. Qa1 Qg3+ 80. Kh1 Qxh3+ 81. Kg1 Qg3+ 82. Kh1 Qf3+ 83. Kh2 Qf4+ 84. Kg2 Qe4+ 85. Kh2 Kg4 86. Qd1+ e2 87. Qg1+ Kh5 88. Qc5+ g5 89. Qc3 Qf4+ 90. Kg2 Qf1+ 91. Kh2 Qf2+ 0-1

[Event "Gold Coast op"]
[Site "Gold Coast"]
[Date "2018.07.01"]
[Round "6"]
[White "Cheng, Bobby Sky"]
[Black "Izzat, Kanan Azar"]
[Result "1/2-1/2"]
[WhiteElo "2496"]
[BlackElo "2484"]
[PlyCount "127"]
[EventDate "2018.06.28"]
[EventType "swiss"]
[EventRounds "9"]
[EventCountry "AUS"]
[SourceTitle "CBM 185 Extra"]
[Source "ChessBase"]
[SourceDate "2018.07.29"]
[SourceVersion "1"]
[SourceVersionDate "2018.07.29"]
[SourceQuality "1"]

1. c4 g6 2. Nf3 Bg7 3. d4 Nf6 4. Nc3 d5 5. cxd5 Nxd5 6. e4 Nxc3 7. bxc3 c5 8. h3 0-0 9. Be2 b5 10. Be3 Bb7 11. Qd3 cxd4 12. cxd4 Nd7 13. 0-0 Nb6 14. Nd2 a6 15. Rac1 e6 16. h4 Qd6 17. Bf3 Rfd8 18. e5 Qd7 19. Bg5 Bxe5 20. Bxd8 Rxd8 21. Bxb7 Qxb7 22. Qf3 Qxf3 23. Nxf3 Bxd4 24. Rc6 Na4 25. Rxa6 Bc5 26. Rc6 Rd5 27. Rc1 h6 28. Rc2 Rf5 29. Re2 Rf4 30. Ne5 Bd4 31. g3 Rf5 32. Ng4 Kg7 33. Rd2 Bb6 34. Kg2 b4 35. Rc4 Rb5 36. Ne3 Nc3 37. Rb2 Bxe3 38. fxe3 Nd5 39. Kf3 f5 40. a3 b3 41. a4 Rb7 42. a5 Ra7 43. Rc5 Nf6 44. Rb5 Ne4 45. Kg2 Nd6 46. Rc5 Ne4 47. Rb5 Nd6 48. R2xb3 Nxb5 49. Rxb5 Rc7 50. Rb2 Ra7 51. Ra2 Ra6 52. Kf3 Kf6 53. e4 Ke5 54. Ra4 g5 55. h5 Kd6 56. Ra1 Ke5 57. Ra4 Kd6 58. Ke3 Kc5 59. Ra1 Kc4 60. Ra2 Kb3 61. Ra1 Kb2 62. Ra4 Kb3 63. Ra1 Kb2 64. Ra4 1/2-1/2

[Event "Gold Coast op"]
[Site "Gold Coast"]
[Date "2018.06.28"]
[Round "1"]
[White "Liu, David"]
[Black "Izzat, Kanan Azar"]
[Result "0-1"]
[WhiteElo "1986"]
[BlackElo "2484"]
[PlyCount "80"]
[EventDate "2018.06.28"]
[EventType "swiss"]
[EventRounds "9"]
[EventCountry "AUS"]
[SourceTitle "CBM 185 Extra"]
[Source "ChessBase"]
[SourceDate "2018.07.29"]
[SourceVersion "1"]
[SourceVersionDate "2018.07.29"]
[SourceQuality "1"]

1. c4 Nf6 2. g3 c6 3. Bg2 d5 4. Nf3 dxc4 5. 0-0 Nbd7 6. Qc2 Nb6 7. Na3 Qd5 8. Qc3 Be6 9. Nd4 Qd7 10. b3 cxb3 11. axb3 Bh3 12. Nc4 Nxc4 13. bxc4 Bxg2 14. Kxg2 e6 15. d3 Be7 16. Nb3 c5 17. Be3 0-0 18. f3 b6 19. Nd2 a6 20. Rfb1 Qc6 21. Kg1 Nd7 22. Ra2 f5 23. Rb3 b5 24. cxb5 axb5 25. Rxa8 Rxa8 26. Ra3 h6 27. Rxa8+ Qxa8 28. Qb3 Qc6 29. Qa2 Kh7 30. Nb3 Qd5 31. Qa7 c4 32. dxc4 bxc4 33. Na5 Bb4 34. Nxc4 Qd1+ 35. Kg2 Qxe2+ 36. Bf2 Bc5 37. Qxd7 Qxf2+ 38. Kh3 Qf1+ 39. Kh4 Qxc4+ 40. Kh5 Qd5 0-1

[Event "Victoria op"]
[Site "Melbourne"]
[Date "2018.06.09"]
[Round "2"]
[White "Izzat, Kanan Azar"]
[Black "Zillmann, Shawn"]
[Result "1-0"]
[WhiteElo "2484"]
[BlackElo "1790"]
[PlyCount "40"]
[EventDate "2018.06.08"]
[EventType "swiss"]
[EventRounds "7"]
[EventCountry "AUS"]
[SourceTitle "CBM 184 Extra"]
[Source "ChessBase"]
[SourceDate "2018.06.28"]
[SourceVersion "1"]
[SourceVersionDate "2018.06.28"]
[SourceQuality "1"]

1. e4 c5 2. Nf3 e6 3. c3 d5 4. exd5 Qxd5 5. d4 Nc6 6. Na3 cxd4 7. Nb5 Bd6 8. Bc4 Qe4+ 9. Be3 Bb8 10. cxd4 Nh6 11. 0-0 Nf5 12. Re1 Qg4 13. h3 Qg6 14. d5 Nd8 15. Bc5 a6 16. dxe6 Nxe6 17. Ne5 Qf6 18. Nc7+ Nxc7 19. Nd7+ Qe7 20. Bxe7 Nxe7 1-0